CTR year book 2008: (Record no. 13728)

MARC details
000 -LEADER
fixed length control field 00914nam a22002297a 4500
005 - DATE AND TIME OF LATEST TRANSACTION
control field 20080617102642.0
008 - FIXED-LENGTH DATA ELEMENTS--GENERAL INFORMATION
fixed length control field 080617t xxu||||| |||| 00| 0 eng d
010 ## - LIBRARY OF CONGRESS CONTROL NUMBER
LC control number ENG-90345
020 ## - INTERNATIONAL STANDARD BOOK NUMBER
Terms of availability 990.00
035 ## - SYSTEM CONTROL NUMBER
System control number EN-73878
037 ## - SOURCE OF ACQUISITION
Source of stock number/acquisition DBAD / PUB
040 ## - CATALOGING SOURCE
Original cataloging agency DPL
Language of cataloging EN
082 ## - DEWEY DECIMAL CLASSIFICATION NUMBER
Classification number 347.54077
100 ## - MAIN ENTRY--PERSONAL NAME
Personal name Bissa, Raman
245 ## - TITLE STATEMENT
Title CTR year book 2008:
Statement of responsibility, etc by Raman Bissa [and] Rajesh Kapoor
Remainder of title a complete digest of judgments reported during the year 2007 in CTR, ITR & Taxman /
260 ## - PUBLICATION, DISTRIBUTION, ETC. (IMPRINT)
Place of publication, distribution, etc Jodhpur
Name of publisher, distributor, etc Current Tax Reporter
Date of publication, distribution, etc 2008
270 ## - ADDRESS
Address 'Archana' , 34-Heavy Industrial Area,
City Jodhpur
Postal code 342003
300 ## - PHYSICAL DESCRIPTION
Extent Various pagings
Dimensions 25 cm (Hb)
700 ## - ADDED ENTRY--PERSONAL NAME
Personal name Kapoor, Rajesh
942 ## - ADDED ENTRY ELEMENTS (KOHA)
Koha item type English Books
Classification part 347.54077
Source of classification or shelving scheme Dewey Decimal Classification
Call number suffix BIS
Holdings
Withdrawn status Lost status Damaged status Not for loan Collection code Home library Current library Date acquired Source of acquisition Cost, normal purchase price Total Checkouts Full call number Barcode Date last seen Copy number Cost, replacement price Price effective from Koha item type
      Not For Loan Non-fiction D.B.Act.Division D.B.Act.Division 17/06/2008 DBAD / PUB 990.00   347.54077 BIS EN-73878 15/09/2008 1 990.00 15/09/2008 English Books

© Delhi Public Library
Hit Counter
free hit counter